|
|
|
|
| LEADER |
00601nam a22001817a 4500 |
| 008 |
170220b xxu||||| |||| 00| 0 eng d |
| 020 |
|
|
|a 9788132109778
|
| 082 |
|
|
|a 364 PRA'13
|
| 100 |
|
|
|a Prabha Unnithan
|
| 245 |
|
|
|a Crime & Justice in India
|
| 250 |
|
|
|a Ed.1
|
| 260 |
|
|
|a Newdelhi
|b Sage Publication India Pvt.Ltd.
|c 2013
|
| 300 |
|
|
|a 451p.
|
| 500 |
|
|
|a Include Index
|
| 650 |
|
|
|a Indai- Criminal Justice
|
| 942 |
|
|
|2 ddc
|c REF
|
| 999 |
|
|
|c 9816
|d 9816
|
| 952 |
|
|
|0 0
|1 0
|2 ddc
|4 0
|6 364_000000000000000_PRA13
|7 1
|8 REF
|9 19611
|a NUALS
|b NUALS
|c PROC
|d 2017-02-20
|l 0
|o 364 PRA'13
|p 13192
|r 2017-02-20
|v 1150.00
|w 2017-02-20
|y REF
|